000 01263pam a2200361 a 4500
001 1560761
003 OSt
005 20260316155625.0
008 920728s1992 tnu b 001 0 eng
010 _a 92030024
020 _a0805401245 :
_c$24.95
020 _a9780805401240
035 _a1560761
040 _aDLC
_cDLC
_dDLC
050 0 0 _aBS2595.3
_b.S74 1992
082 0 0 _a226.4/07
_220
100 1 _aStein, Robert H.,
_d1935-
245 1 0 _aLuke /
_cRobert H. Stein.
260 _aNashville, Tenn. :
_bBroadman Press,
_cc1992.
300 _a642 p. ;
_c24 cm.
336 _atext
_btxt
_2rdacontent
337 _aunmediated
_bn
_2rdamedia
338 _avolume
_bnc
_2rdacarrier
440 4 _aThe New American commentary ;
_vv. 24
504 _aIncludes bibliographical references and indexes.
630 0 0 _aBible.
_pLuke
_xCommentaries.
730 0 2 _aBible.
_pLuke.
_lEnglish.
_sNew International.
_f1992.
856 4 2 _3Publisher description
_uhttp://www.loc.gov/catdir/enhancements/fy1003/92030024-d.html
906 _a7
_bcbc
_corignew
_d1
_eocip
_f19
_gy-gencatlg
942 _2lcc
_cBK
999 _c21485
_d21484